Loading...
| Fine Arts - Painting and Sculpture | 0 | 4 | 1 | 2 | 35 | 97 | 117.00 | 0 | 0 | 0.00 | 0.00 |
| Science - Chemistry | 0 | 4 | 2 | 0 | 30 | 63 | 88.75 | 1 | 1 | 0.00 | 0.00 |
| Fine Arts - Other | 0 | 2 | 0 | 0 | 20 | 84 | 93.50 | 1 | 1 | 0.00 | 0.00 |
| Science - Other | 0 | 2 | 0 | 2 | 20 | 124 | 128.00 | 0 | 0 | 0.00 | 0.00 |
| History - American | 0 | 2 | 1 | 1 | 15 | 104 | 117.50 | 0 | 0 | 0.00 | 0.00 |
| Science - Biology | 0 | 2 | 1 | 0 | 15 | 63 | 81.50 | 0 | 0 | 0.00 | 0.00 |
| Other Academic | 0 | 1 | 0 | 1 | 10 | 125 | 125.00 | 0 | 0 | 0.00 | 0.00 |
| Geography | 0 | 1 | 0 | 1 | 10 | 94 | 94.00 | 0 | 0 | 0.00 | 0.00 |
| Social Science | 0 | 1 | 1 | 0 | 5 | 97 | 97.00 | 0 | 1 | 0.00 | 0.00 |
| History - Other | 0 | 1 | 1 | 0 | 5 | 36 | 36.00 | 0 | 1 | 0.00 | 0.00 |
| Literature - American | 0 | 1 | 1 | 1 | 5 | 124 | 124.00 | 0 | 0 | 0.00 | 0.00 |
| Literature - World | 0 | 1 | 2 | 0 | 0 | 42 | 42.00 | 0 | 1 | 0.00 | 0.00 |
| Literature - British | 0 | 0 | 0 | 0 | 0 | 0.00 | 0 | 0 | 0.00 | 0.00 | |
| Science - Physics | 0 | 1 | 2 | 0 | 0 | 92 | 92.00 | 0 | 0 | 0.00 | 0.00 |
| History - World | 0 | 2 | 4 | 1 | 0 | 82 | 104.00 | 0 | 0 | 0.00 | 0.00 |
| Religion | 0 | 0 | 1 | 0 | -5 | 0.00 | 0 | 0 | 0.00 | 0.00 | |
| Literature - European | 0 | 0 | 1 | 0 | -5 | 0.00 | 0 | 0 | 0.00 | 0.00 |